[Event "Masters"]
[Site "Frankfurt GER"]
[Date "2000.06.23"]
[Round "7"]
[White "Rublevsky, S."]
[Black "Ivanchuk, V."]
[Result "0-1"]
[WhiteElo "2662"]
[BlackElo "2709"]
[PlyCount "110"]
[EventDate "2000.06.22"]

1. e4 c5 2. Nf3 d6 3. Bb5+ Nd7 4. d4 Ngf6 5. O-O cxd4 6. Qxd4 g6 7. e5 dxe5 8.
Qxe5 Bg7 9. Re1 e6 10. Qd6 a6 11. Ba4 Qe7 12. Qxe7+ Kxe7 13. Bd2 Nd5 14. c4
N5b6 15. Bb4+ Ke8 16. Nc3 a5 17. Bd6 Bxc3 18. Bxd7+ Kxd7 19. Red1 Bf6 20. Bc5+
Kc6 21. Be3 Na4 22. c5 Nxc5 23. Rac1 b6 24. b3 Ba6 25. a3 Rhd8 26. Rxd8 Rxd8
27. b4 Bb2 28. Rb1 Na4 29. bxa5 bxa5 30. h4 Be2 31. Rxb2 Nxb2 32. Nd4+ Rxd4 33.
Bxd4 Nc4 34. Bc3 a4 35. Bb4 e5 36. f3 Kd5 37. Kf2 Bd3 38. g4 f5 39. gxf5 gxf5
40. Bf8 f4 41. Bb4 e4 42. fxe4+ Kxe4 43. h5 Ne5 44. Bc5 Ng4+ 45. Kg2 Kf5 46.
Kf3 Be4+ 47. Ke2 Kg5 48. h6 Kxh6 49. Be7 Kg6 50. Bc5 h5 51. Kf1 h4 52. Bg1 h3
53. Ke1 f3 54. Kd2 f2 55. Bxf2 h2 0-1

[Event "Masters"]
[Site "Frankfurt GER"]
[Date "2000.06.23"]
[Round "7"]
[White "Rabiega, R."]
[Black "Topalov, V."]
[Result "1/2-1/2"]
[WhiteElo "2477"]
[BlackElo "2702"]
[PlyCount "39"]
[EventDate "2000.06.22"]

1. e4 e6 2. d4 d5 3. Nc3 Nf6 4. Bd3 c5 5. Nf3 c4 6. Be2 dxe4 7. Ne5 Nbd7 8.
Nxc4 Be7 9. O-O b6 10. d5 exd5 11. Nxd5 Nc5 12. Nxe7 Qxd1 13. Rxd1 Kxe7 14. Bf4
Ba6 15. Bd6+ Ke8 16. Be5 Ke7 17. Bd6+ Ke8 18. Be5 Ke7 19. a4 Ke8 20. Bd6
1/2-1/2

[Event "Masters"]
[Site "Frankfurt GER"]
[Date "2000.06.23"]
[Round "7"]
[White "Jussupow, A."]
[Black "Bareev, E."]
[Result "1-0"]
[WhiteElo "2628"]
[BlackElo "2709"]
[PlyCount "93"]
[EventDate "2000.06.22"]

1. d4 Nf6 2. Nf3 d5 3. c4 c6 4. e3 Bf5 5. Bd3 Bxd3 6. Qxd3 e6 7. Nc3 Bb4 8. Bd2
O-O 9. O-O Bxc3 10. Bxc3 Nbd7 11. Nd2 Re8 12. e4 dxe4 13. Nxe4 Nxe4 14. Qxe4
Qc7 15. Rfe1 Nf6 16. Qf3 Qd6 17. Re5 Nd7 18. Rg5 f6 19. Rg3 e5 20. Qg4 Re7 21.
Rd1 e4 22. h4 Rae8 23. d5 c5 24. h5 Nf8 25. Re1 h6 26. Rxe4 Nh7 27. Rge3 Ng5
28. Rxe7 Rxe7 29. Qc8+ Kf7 30. Rxe7+ Qxe7 31. Bd2 b6 32. Qb8 Qe2 33. Qxa7+ Kg8
34. Qb8+ Kh7 35. Bxg5 Qd1+ 36. Kh2 Qxh5+ 37. Kg3 Qxg5+ 38. Kf3 Qh5+ 39. Ke3 Qd1
40. Qf4 Kg8 41. Qe4 Kf8 42. Qd3 Qc1+ 43. Kf3 g5 44. d6 Qf4+ 45. Ke2 Qg4+ 46.
Kf1 Qd7 47. Qd5 1-0

[Event "Masters"]
[Site "Frankfurt GER"]
[Date "2000.06.23"]
[Round "7"]
[White "Adams, Mi"]
[Black "Van Wely, L."]
[Result "1-0"]
[WhiteElo "2715"]
[BlackElo "2646"]
[PlyCount "81"]
[EventDate "2000.06.22"]

1. e4 c5 2. Nf3 d6 3. d4 cxd4 4. Qxd4 Nc6 5. Bb5 Bd7 6. Bxc6 Bxc6 7. c4 Nf6 8.
Nc3 e6 9. O-O Be7 10. Re1 O-O 11. Bg5 Qa5 12. Qd2 Rfd8 13. Rad1 Rac8 14. Nd5
Qxd2 15. Nxe7+ Kf8 16. Nxd2 Kxe7 17. f3 h6 18. Be3 b6 19. b3 g5 20. Nb1 Nd7 21.
Nc3 f6 22. Kf2 a6 23. Re2 b5 24. cxb5 axb5 25. Red2 Ne5 26. Bb6 Rd7 27. Ba5 Nf7
28. Bb4 Ra8 29. Ke3 Ra6 30. g3 e5 31. Rc2 Rda7 32. a3 Rb6 33. f4 Ba8 34. f5 h5
35. h3 Nd8 36. Rxd6 Rxd6 37. Bxd6+ Kd7 38. Nxb5 Rb7 39. Rc7+ Rxc7 40. Bxc7 Nb7
41. b4 1-0

[Event "Masters"]
[Site "Frankfurt GER"]
[Date "2000.06.24"]
[Round "8"]
[White "Adams, Mi"]
[Black "Bareev, E."]
[Result "1/2-1/2"]
[WhiteElo "2715"]
[BlackElo "2709"]
[PlyCount "89"]
[EventDate "2000.06.22"]

1. e4 e6 2. d3 d5 3. Nd2 Nf6 4. Ngf3 b6 5. c3 Be7 6. e5 Nfd7 7. d4 c5 8. Bb5
Ba6 9. a4 cxd4 10. cxd4 O-O 11. O-O Qc8 12. Re1 Nc6 13. Re3 Bxb5 14. axb5 Nb4
15. Rc3 Qb7 16. Nf1 a6 17. bxa6 Rxa6 18. Rxa6 Nxa6 19. Ng5 Bxg5 20. Bxg5 f6 21.
exf6 Nxf6 22. Bxf6 Rxf6 23. Ne3 Rf7 24. h3 Rc7 25. Qg4 Rc6 26. Qh5 Nc7 27. Ng4
Rxc3 28. bxc3 Qc8 29. Qg5 Qf8 30. Qe5 Qe7 31. g3 h6 32. h4 Kh7 33. Qf4 Nb5 34.
Qe3 Nd6 35. Qd3+ Kg8 36. Ne5 Qf6 37. Nd7 Qf7 38. Ne5 Qf6 39. Kg2 b5 40. Qe2 Qf5
41. f3 h5 42. Nd3 Kf7 43. Ne5+ Kg8 44. Nd3 Kf7 45. Ne5+ 1/2-1/2

[Event "Masters"]
[Site "Frankfurt GER"]
[Date "2000.06.24"]
[Round "8"]
[White "Jussupow, A."]
[Black "Ivanchuk, V."]
[Result "1/2-1/2"]
[WhiteElo "2628"]
[BlackElo "2709"]
[PlyCount "90"]
[EventDate "2000.06.22"]

1. d4 Nf6 2. c4 g6 3. Nf3 Bg7 4. g3 d5 5. cxd5 Nxd5 6. Bg2 Nb6 7. O-O Nc6 8. e3
O-O 9. Nc3 Re8 10. d5 Na5 11. Nd4 Bd7 12. Nb3 Nxb3 13. axb3 c6 14. dxc6 Bxc6
15. e4 Bd4 16. Bh6 e5 17. h4 Qe7 18. Qf3 f5 19. Qe2 f4 20. Kh2 Qf7 21. b4 a6
22. Qg4 Rad8 23. Rad1 Bd7 24. Qg5 f3 25. Bh1 Rc8 26. Rd3 Qe7 27. Bxf3 Qxg5 28.
Bxg5 Rc4 29. Ne2 Rxb4 30. Nxd4 exd4 31. Rfd1 Rxb2 32. Kg2 Nc4 33. Rxd4 Be6 34.
Rd8 Rxd8 35. Rxd8+ Kf7 36. Rh8 Kg7 37. Re8 Bf7 38. Re7 h6 39. Bf4 Kf6 40. Rxb7
Rxb7 41. e5+ Nxe5 42. Bxb7 g5 43. hxg5+ hxg5 44. Bxe5+ Kxe5 45. Bxa6 Kf6
1/2-1/2

[Event "Masters"]
[Site "Frankfurt GER"]
[Date "2000.06.24"]
[Round "8"]
[White "Rublevsky, S."]
[Black "Rabiega, R."]
[Result "0-1"]
[WhiteElo "2662"]
[BlackElo "2477"]
[PlyCount "132"]
[EventDate "2000.06.22"]

1. e4 c5 2. Nf3 Nc6 3. Bb5 d6 4. Bxc6+ bxc6 5. O-O Bg4 6. c3 e5 7. d3 Be7 8. h3
Bh5 9. Nbd2 Nf6 10. Re1 O-O 11. Nf1 Nd7 12. Ng3 Bg6 13. Be3 Rb8 14. Qc2 Qc7 15.
h4 h6 16. Qd2 Rfe8 17. h5 Bh7 18. d4 cxd4 19. cxd4 Nf6 20. dxe5 dxe5 21. Qc2
Ng4 22. Rac1 Qa5 23. b3 Rbc8 24. Re2 Red8 25. Bd2 Qb6 26. Nf5 Ba3 27. Rf1 Bc5
28. Be3 Nxe3 29. Nxe3 Bd4 30. Nc4 Qc7 31. Rd1 c5 32. Nh2 Qd7 33. Kh1 Qe7 34.
Rd3 Qg5 35. Rh3 f5 36. Nf3 Qf6 37. Ncd2 Kh8 38. Nh4 f4 39. Nhf3 Bg8 40. Nc4 Re8
41. Qd1 Rcd8 42. Qc2 Rd7 43. Nh4 Be6 44. Nf5 Rf8 45. Nd2 Rfd8 46. Nf3 Kh7 47.
N3h4 Qf7 48. Ng6 Qf6 49. Ngh4 Rc7 50. Rd2 Kg8 51. Qd1 c4 52. bxc4 Rxc4 53. Rb3
Rdc8 54. Rb1 Kh7 55. Qg4 Qg5 56. Qxg5 hxg5 57. Nf3 Bxf5 58. Nxg5+ Kh6 59. Nf7+
Kxh5 60. exf5 Rc2 61. Rxc2 Rxc2 62. f3 Kh4 63. Kh2 e4 64. Rb4 Bf2 65. g4 fxg3+
66. Kg2 Bc5+ 0-1

[Event "Masters"]
[Site "Frankfurt GER"]
[Date "2000.06.24"]
[Round "9"]
[White "Rabiega, R."]
[Black "Jussupow, A."]
[Result "1-0"]
[WhiteElo "2477"]
[BlackElo "2628"]
[PlyCount "47"]
[EventDate "2000.06.22"]

1. e4 e6 2. d4 d5 3. Nc3 Bb4 4. exd5 exd5 5. Bd3 Nc6 6. a3 Bxc3+ 7. bxc3 Nge7
8. Qf3 Be6 9. Ne2 Qd7 10. O-O Bf5 11. Ng3 Bg6 12. Nh5 O-O 13. Nf4 Rae8 14. a4
Nd8 15. Ba3 c6 16. Rfe1 Ne6 17. Qh3 Qc8 18. Bxg6 hxg6 19. Nxe6 fxe6 20. Rxe6
Nf5 21. Rxg6 Rf7 22. Rg5 Qe6 23. Rf1 Qe2 24. Rxf5 1-0

[Event "Masters"]
[Site "Frankfurt GER"]
[Date "2000.06.24"]
[Round "9"]
[White "Ivanchuk, V."]
[Black "Adams, Mi"]
[Result "0-1"]
[WhiteElo "2709"]
[BlackElo "2715"]
[PlyCount "88"]
[EventDate "2000.06.22"]

1. e4 e5 2. Nf3 Nc6 3. d4 exd4 4. Nxd4 Nf6 5. Nxc6 bxc6 6. e5 Qe7 7. Qe2 Nd5 8.
c4 Nb6 9. Nd2 Bb7 10. b3 g6 11. Bb2 Bg7 12. O-O-O O-O-O 13. f4 c5 14. Ne4 d6
15. Qg4+ Kb8 16. Qg5 Qf8 17. Nf6 dxe5 18. Be2 Rd6 19. Bxe5 h6 20. Qh4 Ka8 21.
Nd5 Nxd5 22. cxd5 g5 23. Qg3 Rg8 24. f5 Bxe5 25. Qxe5 Qe8 26. Qxe8+ Rxe8 27.
Bh5 Re5 28. Bxf7 Rxf5 29. Rhf1 Rxf1 30. Rxf1 Bxd5 31. Bxd5+ Rxd5 32. Rf6 h5 33.
g3 g4 34. Rf4 Kb7 35. h3 Rd4 36. Rf2 h4 37. hxg4 hxg3 38. Rg2 Rxg4 39. Kd2 Kc6
40. Ke3 Kb5 41. Kf3 Rg8 42. a3 a5 43. Kf4 a4 44. bxa4+ Kxa4 0-1

[Event "Masters"]
[Site "Frankfurt GER"]
[Date "2000.06.24"]
[Round "9"]
[White "Bareev, E."]
[Black "Van Wely, L."]
[Result "1-0"]
[WhiteElo "2709"]
[BlackElo "2646"]
[PlyCount "59"]
[EventDate "2000.06.22"]

1. d4 Nf6 2. c4 g6 3. Nc3 d5 4. Nf3 Bg7 5. Bf4 O-O 6. Rc1 dxc4 7. e3 c5 8. Bxc4
cxd4 9. Nxd4 a6 10. O-O Nbd7 11. Bg3 Nh5 12. Bh4 Bf6 13. Bxf6 Nhxf6 14. Nd5
Nxd5 15. Bxd5 Nf6 16. Bf3 e5 17. Nb3 Qe7 18. Qc2 Bf5 19. Qc7 Qxc7 20. Rxc7 Bd3
21. Rfc1 e4 22. Bd1 b6 23. h4 Nd5 24. Rd7 Rfd8 25. Rxd8+ Rxd8 26. Nd4 Rd7 27.
Bb3 Rc7 28. Rc6 Rxc6 29. Nxc6 Ne7 30. Nxe7+ 1-0

[Event "Masters"]
[Site "Frankfurt GER"]
[Date "2000.06.24"]
[Round "10"]
[White "Jussupow, A."]
[Black "Rublevsky, S."]
[Result "1/2-1/2"]
[WhiteElo "2628"]
[BlackElo "2662"]
[PlyCount "117"]
[EventDate "2000.06.22"]

1. d4 d5 2. c4 dxc4 3. e3 e6 4. Bxc4 c5 5. Nf3 a6 6. O-O Nf6 7. Qe2 b5 8. Bd3
cxd4 9. exd4 Be7 10. Bg5 Bb7 11. Nc3 O-O 12. Rad1 Nbd7 13. Ne5 Nxe5 14. dxe5
Nd5 15. Bxe7 Qxe7 16. Ne4 Nf4 17. Qg4 Nxd3 18. Rxd3 Bxe4 19. Qxe4 Rad8 20. Rfd1
Rxd3 21. Qxd3 Qc5 22. Qd6 Qc2 23. Qd2 Qxd2 24. Rxd2 g5 25. h4 gxh4 26. Rd6 Rc8
27. Rxa6 Rc1+ 28. Kh2 Rc2 29. f3 Rxb2 30. a4 Rb4 31. a5 Ra4 32. Kh3 b4 33. Ra8+
Kg7 34. a6 b3 35. Rb8 Rxa6 36. Rxb3 Ra4 37. Rb8 Rf4 38. Rb3 Kg6 39. g3 hxg3 40.
Kxg3 Rc4 41. Rb8 h5 42. Rh8 h4+ 43. Kf2 Kg5 44. Rh7 Kg6 45. Rh8 Rc2+ 46. Ke3
Rh2 47. Kf4 h3 48. Rg8+ Kh7 49. Rg3 Rh1 50. Kg4 Kg6 51. Kf4+ Kh6 52. Kg4 h2 53.
Rh3+ Kg6 54. Kf4 Kg7 55. Rh5 Kg6 56. Rh8 Ra1 57. Rxh2 Ra4+ 58. Ke3 Kg5 59. Rh7
1/2-1/2

[Event "Masters"]
[Site "Frankfurt GER"]
[Date "2000.06.24"]
[Round "10"]
[White "Adams, Mi"]
[Black "Rabiega, R."]
[Result "1-0"]
[WhiteElo "2715"]
[BlackElo "2477"]
[PlyCount "113"]
[EventDate "2000.06.22"]

1. e4 c5 2. Nf3 Nc6 3. Nc3 e5 4. Bc4 Be7 5. d3 Nf6 6. Nd2 d6 7. Nf1 O-O 8. Ne3
Nd4 9. O-O Be6 10. a4 Rb8 11. Ncd5 Nxd5 12. Nxd5 Bg5 13. Be3 h6 14. Kh1 Kh8 15.
c3 Nc6 16. Qh5 g6 17. Qe2 Kg7 18. g3 Bh3 19. Rg1 h5 20. f4 Bh6 21. f5 Bxe3 22.
Qxe3 Kh7 23. Rad1 g5 24. f6 Rg8 25. Rd2 Qd7 26. Rf2 Rbe8 27. Bb3 Rg6 28. Bd1
Bg4 29. Bxg4 Qxg4 30. Rf5 h4 31. gxh4 Qxh4 32. Rgxg5 Rxg5 33. Rxg5 Rg8 34. Rxg8
Kxg8 35. Qg1+ Kf8 36. Qg7+ Ke8 37. Qg8+ Kd7 38. Qxf7+ Kd8 39. Qc7+ Ke8 40. Qc8+
Nd8 41. Nc7+ Kf7 42. Qd7+ Kg6 43. Qg7+ Kh5 44. Qh7+ Kg5 45. Qxh4+ Kxh4 46. Kg2
Kg5 47. Nd5 Nf7 48. Kg3 Kh5 49. h4 Kg6 50. a5 a6 51. b4 cxb4 52. cxb4 Nh6 53.
Kf3 Kh5 54. Ne7 Kxh4 55. Nf5+ Kg5 56. Nxd6 Kxf6 57. Nxb7 1-0

[Event "Masters"]
[Site "Frankfurt GER"]
[Date "2000.06.24"]
[Round "10"]
[White "Van Wely, L."]
[Black "Ivanchuk, V."]
[Result "1/2-1/2"]
[WhiteElo "2646"]
[BlackElo "2709"]
[PlyCount "113"]
[EventDate "2000.06.22"]

1. d4 Nf6 2. c4 g6 3. Nc3 d5 4. Nf3 Bg7 5. cxd5 Nxd5 6. e4 Nxc3 7. bxc3 c5 8.
Rb1 O-O 9. Be2 cxd4 10. cxd4 Qa5+ 11. Bd2 Qxa2 12. O-O Bg4 13. Bg5 h6 14. Be3
Nc6 15. d5 Rfd8 16. Rxb7 e6 17. Rc7 Bxf3 18. gxf3 Nb4 19. Bc4 Qb2 20. Rxa7 Rxa7
21. Bxa7 exd5 22. exd5 Qe5 23. Qb3 Nxd5 24. Rd1 Qg5+ 25. Kf1 Nf4 26. Rxd8+ Qxd8
27. Bxf7+ Kh7 28. Be3 Qf6 29. Qc4 Qa1+ 30. Qc1 Qxc1+ 31. Bxc1 Be5 32. Be3 Kg7
33. Bc4 g5 34. Kg1 Kf6 35. Ba6 Nh3+ 36. Kg2 Nf4+ 37. Kh1 Nd5 38. Bc5 Kg7 39.
Bc8 Nf4 40. Kg1 Kg6 41. h3 Kg7 42. Kf1 Bc3 43. Be3 Kf6 44. h4 Ke5 45. hxg5 hxg5
46. Kg1 Bd4 47. Bb7 Bxe3 48. fxe3 Nd3 49. Kg2 Kf6 50. Ba6 Ne5 51. Kf2 Ke6 52.
Ke2 Kd6 53. Bb7 Kc5 54. Kf2 Kd6 55. Kg3 Ke7 56. f4 gxf4+ 57. exf4 1/2-1/2

[Event "Masters"]
[Site "Frankfurt GER"]
[Date "2000.06.24"]
[Round "11"]
[White "Rabiega, R."]
[Black "Van Wely, L."]
[Result "0-1"]
[WhiteElo "2477"]
[BlackElo "2646"]
[PlyCount "124"]
[EventDate "2000.06.22"]

1. e4 c5 2. c3 Nf6 3. e5 Nd5 4. Nf3 Nc6 5. d4 cxd4 6. Bc4 Nb6 7. Bb3 d5 8. exd6
Qxd6 9. Na3 dxc3 10. Nb5 Qxd1+ 11. Kxd1 Rb8 12. Bf4 cxb2 13. Rb1 Bf5 14. Nc7+
Kd7 15. Rxb2 Rd8 16. Rd2+ Kc8 17. Rxd8+ Kxd8 18. Bxf7 e5 19. Nxe5 Bd6 20. Nxc6+
Kxc7 21. Bxd6+ Kxd6 22. Nd4 Bd7 23. Ke2 Nd5 24. Rc1 Rf8 25. Bxd5 Kxd5 26. Nb3
Bb5+ 27. Ke3 Re8+ 28. Kf3 Kd6 29. Nd4 Bd7 30. Rd1 Re5 31. Nf5+ Kc7 32. Ne3 Ra5
33. Rd2 Be6 34. Rc2+ Kd6 35. g4 g6 36. Rd2+ Ke7 37. Re2 Kf6 38. Rc2 h5 39. gxh5
gxh5 40. Rc7 b6 41. Rh7 Bf7 42. Rh6+ Bg6 43. Rh8 Rxa2 44. Rb8 Bf7 45. h4 Rb2
46. Rb7 a5 47. Ke4 Rb4+ 48. Kd3 a4 49. Nc2 Bg6+ 50. Kc3 Rb3+ 51. Kd2 Rb2 52.
Ra7 Rxc2+ 53. Ke3 Rc4 54. f4 Rb4 55. Rc7 a3 56. Rc6+ Kf5 57. Rc3 Ra4 58. Rc1 a2
59. Ra1 Bf7 60. Kd3 Rb4 61. Rg1 Rb1 62. Rg5+ Kf6 0-1

[Event "Masters"]
[Site "Frankfurt GER"]
[Date "2000.06.24"]
[Round "11"]
[White "Jussupow, A."]
[Black "Topalov, V."]
[Result "1/2-1/2"]
[WhiteElo "2628"]
[BlackElo "2702"]
[PlyCount "87"]
[EventDate "2000.06.22"]

1. d4 Nf6 2. c4 e6 3. Nf3 c5 4. e3 a6 5. Nc3 d5 6. cxd5 exd5 7. Be2 Nc6 8. O-O
Bd6 9. dxc5 Bxc5 10. b3 O-O 11. Bb2 Ba7 12. Rc1 Bg4 13. Nd4 Bxd4 14. Bxg4 Be5
15. Bf3 Qd6 16. g3 Rad8 17. Bg2 Rfe8 18. Re1 h5 19. Qd2 h4 20. f4 Bxc3 21. Qxc3
hxg3 22. hxg3 Qe6 23. e4 dxe4 24. Rxe4 Qf5 25. Rxe8+ Rxe8 26. Bxc6 bxc6 27.
Qxc6 Re6 28. Qa8+ Re8 29. Qf3 Ng4 30. Bd4 Qh5 31. Qh1 Qa5 32. Qc6 Re1+ 33. Rxe1
Qxe1+ 34. Kg2 Qe2+ 35. Kh3 Nh6 36. a4 Qf1+ 37. Qg2 Qd1 38. Qa8+ Kh7 39. Qe4+ f5
40. Qd5 Qf1+ 41. Kh4 Qd1 42. Kh3 Kg6 43. Qc6+ Kh7 44. Qd5 1/2-1/2

[Event "Masters"]
[Site "Frankfurt GER"]
[Date "2000.06.25"]
[Round "12"]
[White "Topalov, V."]
[Black "Ivanchuk, V."]
[Result "1/2-1/2"]
[WhiteElo "2702"]
[BlackElo "2709"]
[PlyCount "90"]
[EventDate "2000.06.22"]

1. e4 e5 2. Nf3 Nc6 3. Bb5 a6 4. Ba4 Nf6 5. O-O Be7 6. Re1 b5 7. Bb3 O-O 8. a3
d6 9. c3 Be6 10. d4 Bxb3 11. Qxb3 Re8 12. Qc2 Qd7 13. Nbd2 Bf8 14. d5 Ne7 15.
Nf1 h6 16. b3 c6 17. c4 Rac8 18. Qd1 cxd5 19. cxd5 Nh7 20. a4 f5 21. Ng3 Nf6
22. axb5 fxe4 23. Nxe4 Nxe4 24. Rxe4 Qxb5 25. Rg4 Kh7 26. Bd2 Qxd5 27. Qb1+ Kh8
28. Rxa6 Nc6 29. Raa4 Rb8 30. h3 Qxb3 31. Qxb3 Rxb3 32. Ra6 Nb8 33. Ra7 Re7 34.
Ra8 Kh7 35. Nh4 Rf7 36. Ng6 Rbb7 37. Nxf8+ Rxf8 38. Rb4 Nc6 39. Rxf8 Nxb4 40.
Rd8 d5 41. Bxb4 Rxb4 42. Rxd5 Rb1+ 43. Kh2 Re1 44. Rd6 Kg8 45. Rd7 Kh7 1/2-1/2

[Event "Masters"]
[Site "Frankfurt GER"]
[Date "2000.06.25"]
[Round "12"]
[White "Bareev, E."]
[Black "Rabiega, R."]
[Result "1/2-1/2"]
[WhiteElo "2709"]
[BlackElo "2477"]
[PlyCount "80"]
[EventDate "2000.06.22"]

1. c4 e6 2. Nc3 d5 3. d4 Nf6 4. cxd5 exd5 5. Bg5 c6 6. Qc2 Be7 7. e3 Nbd7 8.
Bd3 Nh5 9. Bxe7 Qxe7 10. O-O-O g6 11. Nge2 Nb6 12. Kb1 Bd7 13. Rc1 O-O-O 14.
Na4 Nxa4 15. Qxa4 Kb8 16. Rc3 b6 17. Ra3 Be8 18. Qc2 Rc8 19. Rc1 Nf6 20. f3 Bd7
21. e4 dxe4 22. fxe4 Rhd8 23. h3 c5 24. Ba6 Rc7 25. Ng3 h5 26. Rc3 h4 27. dxc5
Rxc5 28. Rxc5 Qxc5 29. Qxc5 bxc5 30. Rf1 hxg3 31. Rxf6 Bxh3 32. Bf1 Be6 33. Kc2
Rd4 34. Rf3 Rxe4 35. Rxg3 Bxa2 36. b3 c4 37. Bxc4 Re1 38. Kb2 Bb1 39. Bxf7 Be4
40. Bxg6 Re2+ 1/2-1/2

[Event "Masters"]
[Site "Frankfurt GER"]
[Date "2000.06.25"]
[Round "12"]
[White "Adams, Mi"]
[Black "Jussupow, A."]
[Result "1-0"]
[WhiteElo "2715"]
[BlackElo "2628"]
[PlyCount "107"]
[EventDate "2000.06.22"]

1. e4 e6 2. d3 d5 3. Nd2 Nf6 4. Ngf3 b6 5. c3 a5 6. e5 Nfd7 7. d4 Be7 8. h4 Ba6
9. h5 h6 10. Bxa6 Nxa6 11. O-O c5 12. Re1 b5 13. Nf1 Qb6 14. Be3 b4 15. Rb1 c4
16. N3h2 Nc7 17. Qg4 Bf8 18. f4 Rb8 19. Rbc1 Qc6 20. f5 bxc3 21. bxc3 Rb2 22.
Ng3 Rxa2 23. fxe6 Qxe6 24. Nf5 Kd8 25. Ra1 Rxa1 26. Rxa1 g6 27. hxg6 fxg6 28.
Nh4 g5 29. Qxe6 Nxe6 30. Ng6 Rg8 31. Nxf8 Rxf8 32. Rxa5 Nb6 33. Ng4 Kc7 34.
Nxh6 Nf4 35. Bxf4 Rxf4 36. Nf7 g4 37. Ng5 Kc6 38. Ne6 Re4 39. Kf2 g3+ 40. Kf3
Re1 41. Nf4 Rc1 42. Rc5+ Kb7 43. Ne2 Re1 44. e6 Rf1+ 45. Kxg3 Rf8 46. Nf4 Na4
47. Rxd5 Nxc3 48. Rd7+ Kc6 49. d5+ Kc5 50. Rc7+ Kd4 51. e7 Re8 52. Ne6+ Ke3 53.
Ng7 Ne4+ 54. Kg4 1-0

[Event "Masters"]
[Site "Frankfurt GER"]
[Date "2000.06.25"]
[Round "13"]
[White "Rabiega, R."]
[Black "Ivanchuk, V."]
[Result "0-1"]
[WhiteElo "2477"]
[BlackElo "2709"]
[PlyCount "85"]
[EventDate "2000.06.22"]

1. e4 e5 2. Nf3 Nc6 3. Bc4 Bc5 4. d3 Nf6 5. Nc3 d6 6. Bg5 h6 7. Bxf6 Qxf6 8.
Nd5 Qd8 9. c3 Ne7 10. d4 exd4 11. cxd4 Bb6 12. Nxb6 axb6 13. O-O O-O 14. Bb3 d5
15. exd5 Nxd5 16. Ne5 Be6 17. Qf3 c6 18. Rfe1 Nc7 19. Rad1 Bxb3 20. Qxb3 b5 21.
a3 Qd6 22. h4 Rad8 23. Re4 Qd5 24. Qc2 Ne6 25. Nf3 Rd6 26. Rde1 Rfd8 27. Re5
Qc4 28. Qf5 Rd5 29. Kh2 Rxe5 30. dxe5 Qd3 31. Qxd3 Rxd3 32. Re2 Kf8 33. Kg3 Ke7
34. Rd2 Nc5 35. Rc2 Ne6 36. Rd2 Rb3 37. Kg4 g6 38. h5 g5 39. Ng1 b4 40. a4 Nf4
41. g3 Nd3 42. Nf3 c5 43. Rc2 0-1

[Event "Masters"]
[Site "Frankfurt GER"]
[Date "2000.06.25"]
[Round "13"]
[White "Jussupow, A."]
[Black "Van Wely, L."]
[Result "1/2-1/2"]
[WhiteElo "2628"]
[BlackElo "2646"]
[PlyCount "96"]
[EventDate "2000.06.22"]

1. d4 Nf6 2. c4 e6 3. Nf3 d5 4. Nc3 dxc4 5. e3 a6 6. a4 c5 7. Bxc4 Nc6 8. O-O
Qc7 9. Qe2 Be7 10. Bd2 O-O 11. d5 exd5 12. Nxd5 Nxd5 13. Bxd5 Bf6 14. Bc3 Ne7
15. Bxf6 Nxd5 16. Be5 Qc6 17. e4 Nf6 18. Rfe1 Bg4 19. Qe3 Rfe8 20. Bxf6 Qxf6
21. e5 Qg6 22. Nd2 Rad8 23. Nc4 Rd3 24. Qe4 Qxe4 25. Rxe4 Red8 26. Nd6 Be6 27.
h3 b6 28. b4 f6 29. bxc5 bxc5 30. Nb7 Rd1+ 31. Re1 Rxa1 32. Rxa1 Rd5 33. exf6
gxf6 34. Na5 Rd4 35. Rc1 c4 36. Nc6 Rd6 37. Nb4 a5 38. Na2 Kf7 39. Nc3 Rd3 40.
Ne4 Rd4 41. f3 Ke7 42. Re1 Kf7 43. Kf2 Bd5 44. Nc3 Bc6 45. g4 Rd3 46. Re3 Rd2+
47. Re2 Rd4 48. Re3 Rd2+ 1/2-1/2

[Event "Masters"]
[Site "Frankfurt GER"]
[Date "2000.06.25"]
[Round "14"]
[White "Ivanchuk, V."]
[Black "Rublevsky, S."]
[Result "1/2-1/2"]
[WhiteElo "2709"]
[BlackElo "2662"]
[PlyCount "175"]
[EventDate "2000.06.22"]

1. e4 c5 2. Nf3 e6 3. d4 cxd4 4. Nxd4 a6 5. Bd3 Nf6 6. O-O d6 7. c4 Bd7 8. Nc3
Nc6 9. Nxc6 Bxc6 10. Re1 Be7 11. Bf4 O-O 12. Qd2 Nd7 13. Bf1 Ne5 14. Rac1 b5
15. cxb5 axb5 16. a3 Qb6 17. Rc2 Rfd8 18. Rec1 Nc4 19. Qe1 Bf6 20. a4 b4 21.
Nb5 Bxb2 22. Rxc4 Bxc1 23. Qxc1 Bxb5 24. Rxb4 Qc5 25. Qxc5 dxc5 26. Rxb5 Rxa4
27. Rxc5 Rxe4 28. Be3 Ra4 29. g3 Raa8 30. Kg2 Rac8 31. Re5 h6 32. h4 Rd5 33.
Re4 h5 34. Bc4 Ra5 35. Be2 g6 36. Bf3 Rd5 37. Ra4 Rd7 38. Be4 Rcd8 39. Kf3 Kg7
40. Bf4 Rc8 41. Rb4 Ra7 42. Be5+ Kh7 43. Kf4 Rf8 44. Bf6 Ra5 45. Rb7 Kg8 46. f3
Rc8 47. Rd7 Rac5 48. Bd4 Rb5 49. Ra7 Rd8 50. Be5 Rc8 51. Rd7 Rf8 52. Rc7 Rd8
53. Rc4 Rf8 54. Bf6 Rfb8 55. Be5 Rd8 56. g4 hxg4 57. fxg4 Ra5 58. Bf6 Rb8 59.
Rc7 Ra4 60. h5 g5+ 61. Ke5 Rb5+ 62. Kd6 Rb8 63. Bc2 Rxg4 64. h6 Rh4 65. Bxg5
Rh5 66. Bf4 Rh4 67. h7+ Rxh7 68. Bxh7+ Kxh7 69. Rxf7+ Kg6 70. Ra7 Kf5 71. Be3
Rd8+ 72. Ke7 Rd3 73. Bb6 e5 74. Ra5 Rd1 75. Bc7 Re1 76. Rb5 Re2 77. Rb6 e4 78.
Rf6+ Kg4 79. Rf4+ Kg3 80. Ke6 e3 81. Rc4+ Kf2 82. Bb6 Rb2 83. Rf4+ Kg3 84. Bc7
e2 85. Re4+ Kf3 86. Rxe2 Rxe2+ 87. Kd7 Ke4 88. Ke8 1/2-1/2

[Event "Masters"]
[Site "Frankfurt GER"]
[Date "2000.06.25"]
[Round "14"]
[White "Bareev, E."]
[Black "Jussupow, A."]
[Result "1-0"]
[WhiteElo "2709"]
[BlackElo "2628"]
[PlyCount "83"]
[EventDate "2000.06.22"]

1. d4 d5 2. c4 e6 3. Nc3 Nf6 4. cxd5 exd5 5. Bg5 Be7 6. e3 O-O 7. Bd3 Nbd7 8.
Nge2 c6 9. Qc2 Re8 10. O-O Nf8 11. f3 Be6 12. Rae1 Rc8 13. Kh1 N6d7 14. Bxe7
Qxe7 15. Ng3 Nb6 16. Qf2 c5 17. a3 a6 18. f4 f6 19. e4 dxe4 20. Ncxe4 cxd4 21.
Nh5 Qf7 22. Qh4 Bc4 23. Nd6 Qd7 24. Rxe8 Bxd3 25. Qg3 Bg6 26. Qb3+ Kh8 27. Nxc8
Qxe8 28. Nd6 Qd7 29. Qxb6 Bxh5 30. Qxd4 Qc6 31. Re1 h6 32. h3 Ng6 33. Re8+ Kh7
34. Qc4 Nxf4 35. Qxc6 bxc6 36. Re7 Kg8 37. Kh2 Nd5 38. Ra7 Be2 39. Nf5 g5 40.
Nxh6+ Kf8 41. Nf5 Ke8 42. Nd4 1-0